[Event "Tingo Maria op 4th"]
[Site "Tingo Maria"]
[Date "2012.09.10"]
[Round "9"]
[White "Cordova Sebastian, Luke"]
[Black "Huaranca Espinoza, Franchezka Paulita"]
[Result "1-0"]
[WhiteElo "1785"]
[BlackElo "1641"]
[PlyCount "27"]
[EventDate "2012.09.06"]
[EventType "swiss"]
[EventRounds "9"]
[EventCountry "PER"]
[SourceTitle "CBM 150 Extra"]
[Source "ChessBase"]
[SourceDate "2012.10.19"]
[SourceVersion "1"]
[SourceVersionDate "2012.10.19"]
[SourceQuality "1"]

1. e4 e5 2. Nf3 Nc6 3. Bb5 a6 4. Ba4 b5 5. Bb3 Bc5 6. 0-0 Nf6 7. h3 Nxe4 8. Qe2 Ng3 9. Qd3 Nxf1 10. Bxf7+ Ke7 11. Qd5 Bd6 12. d3 h6 13. Nh4 Kf8 14. Ng6# 1-0

[Event "Tingo Maria op 4th"]
[Site "Tingo Maria"]
[Date "2012.09.08"]
[Round "5"]
[White "Estrada Cantaro, Alexandra Fiore"]
[Black "Cordova Sebastian, Luke"]
[Result "0-1"]
[WhiteElo "1742"]
[BlackElo "1785"]
[PlyCount "84"]
[EventDate "2012.09.06"]
[EventType "swiss"]
[EventRounds "9"]
[EventCountry "PER"]
[SourceTitle "CBM 150 Extra"]
[Source "ChessBase"]
[SourceDate "2012.10.19"]
[SourceVersion "1"]
[SourceVersionDate "2012.10.19"]
[SourceQuality "1"]

1. e4 c5 2. Nf3 Nc6 3. d4 cxd4 4. Nxd4 e6 5. Nc3 Bb4 6. Nxc6 bxc6 7. Bd2 h6 8. a3 Bc5 9. e5 Qb6 10. Ne4 Bd4 11. Nd6+ Ke7 12. Nc4 Bxf2+ 13. Ke2 Ba6 14. Bb4+ Ke8 15. Qd3 Bxc4 16. Qxc4 Qe3+ 17. Kd1 Qd4+ 18. Qxd4 Bxd4 19. Bc3 Bxc3 20. bxc3 Ne7 21. Bd3 Kd8 22. Rf1 Rf8 23. g4 Kc7 24. c4 f6 25. exf6 Rxf6 26. Kd2 Raf8 27. Rfb1 Rb8 28. Rxb8 Kxb8 29. Rb1+ Kc7 30. c5 d6 31. cxd6+ Kxd6 32. Rd1 Kc7 33. Re1 Nd5 34. Bc4 Kd6 35. Bxd5 exd5 36. Ke3 Re6+ 37. Kd2 Rxe1 38. Kxe1 Kc5 39. h3 Kc4 40. Kd2 g5 41. c3 c5 42. a4 a5 0-1

[Event "Tingo Maria op 4th"]
[Site "Tingo Maria"]
[Date "2012.09.07"]
[Round "2"]
[White "Cordova Sebastian, Luke"]
[Black "Cordova Castro, Yhuvia Consuelo"]
[Result "1-0"]
[WhiteElo "1785"]
[BlackElo "1661"]
[PlyCount "47"]
[EventDate "2012.09.06"]
[EventType "swiss"]
[EventRounds "9"]
[EventCountry "PER"]
[SourceTitle "CBM 150 Extra"]
[Source "ChessBase"]
[SourceDate "2012.10.19"]
[SourceVersion "1"]
[SourceVersionDate "2012.10.19"]
[SourceQuality "1"]

1. e4 e5 2. Nf3 Nc6 3. Bb5 a6 4. Ba4 Nf6 5. 0-0 Nxe4 6. Re1 f5 7. d3 b5 8. dxe4 bxa4 9. exf5 d6 10. Bg5 Be7 11. Bxe7 Qxe7 12. Qd5 Bd7 13. Nd4 exd4 14. Rxe7+ Kxe7 15. Nd2 Ne5 16. Re1 Kf6 17. f4 Bxf5 18. fxe5+ dxe5 19. Qxe5+ Kg6 20. h4 Rae8 21. Qg3+ Kf6 22. Qg5+ Kf7 23. Qxf5+ Kg8 24. Rxe8# 1-0

[Event "Tingo Maria op 4th"]
[Site "Tingo Maria"]
[Date "2012.09.07"]
[Round "3"]
[White "Inga Valenzuela, Jhon Emerson"]
[Black "Cordova Sebastian, Luke"]
[Result "1-0"]
[WhiteElo "1919"]
[BlackElo "1785"]
[PlyCount "134"]
[EventDate "2012.09.06"]
[EventType "swiss"]
[EventRounds "9"]
[EventCountry "PER"]
[SourceTitle "CBM 150 Extra"]
[Source "ChessBase"]
[SourceDate "2012.10.19"]
[SourceVersion "1"]
[SourceVersionDate "2012.10.19"]
[SourceQuality "1"]

1. e4 c5 2. Nf3 Nc6 3. Bc4 e6 4. Nc3 Be7 5. 0-0 d6 6. Qe1 Bf6 7. d3 Nge7 8. Bg5 Bxg5 9. Nxg5 Ng6 10. Qe3 h6 11. Nf3 0-0 12. d4 cxd4 13. Nxd4 Nge5 14. Bb3 Ng4 15. Qd2 a6 16. Rad1 Na5 17. Nf3 Nxb3 18. axb3 b5 19. h3 Nf6 20. e5 b4 21. exf6 bxc3 22. bxc3 Qxf6 23. Qxd6 Qxc3 24. Nd4 Bb7 25. Rd3 Qc8 26. Rfd1 Rd8 27. Qf4 Re8 28. Nf3 Bxf3 29. Rxf3 Ra7 30. Qd4 Rc7 31. c4 Ree7 32. Rfd3 Rb7 33. Qe4 Rbd7 34. Rxd7 Rxd7 35. Rxd7 Qxd7 36. Qa8+ Kh7 37. Qxa6 Qd1+ 38. Kh2 Qxb3 39. c5 Qd5 40. Qd6 Qf5 41. c6 e5 42. Qd2 e4 43. g3 Qc5 44. Qf4 Qxc6 45. Qxf7 Qf6 46. Qxf6 gxf6 47. g4 Kg6 48. Kg3 Kf7 49. Kf4 Kg6 50. Kxe4 Kg5 51. Kf3 Kh4 52. Kg2 Kg5 53. Kg3 h5 54. gxh5 Kxh5 55. h4 f5 56. f3 f4+ 57. Kh3 Kg6 58. Kg4 Kh6 59. Kxf4 Kh5 60. Ke5 Kg6 61. f4 Kf7 62. f5 Ke7 63. f6+ Kf7 64. h5 Kf8 65. Ke6 Ke8 66. h6 Kf8 67. h7 Ke8 1-0